| 000 | 00348nam a2200145Ia 4500 | ||
|---|---|---|---|
| 005 | 20250522034019.0 | ||
| 008 | 240331s9999 xx 000 0 und d | ||
| 082 |
_bKIR _a301 |
||
| 100 | _aKirutinan, A | ||
| 245 | 0 | _aKalvettil vaalviyal | |
| 260 |
_aChennai _bManigavaasakar Pathippagam _c1991 |
||
| 300 | _a348 p ., | ||
| 650 | _aNovel | ||
| 942 | _cL | ||
| 999 |
_c1467 _d1467 |
||